[Event "Aarhus Chess House-A"]
[Site "Aarhus"]
[Date "2017.03.16"]
[Round "3"]
[White "Hansen, Mikkel"]
[Black "Boye, Niels Mollmann"]
[Result "1-0"]
[WhiteElo "1982"]
[BlackElo "1902"]
[PlyCount "81"]
[EventDate "2017.03.08"]
[EventType "tourn"]
[EventRounds "5"]
[EventCountry "DEN"]
[SourceTitle "EXT 2024"]
[Source "ChessBase"]
[SourceDate "2023.10.10"]
[SourceVersion "1"]
[SourceVersionDate "2023.10.10"]
[SourceQuality "1"]

1. d4 c5 2. d5 e5 3. e4 d6 4. Nc3 g6 5. Nf3 Bg7 6. Be2 Ne7 7. Nd2 0-0 8. Nc4 a6 9. a4 f5 10. 0-0 f4 11. Bg4 Bxg4 12. Qxg4 Rf6 13. Qe2 g5 14. Rb1 Nd7 15. h3 Qe8 16. b4 Qg6 17. Ba3 f3 18. Qd3 Qh5 19. Nxd6 g4 20. Nf5 Nxf5 21. exf5 Rxf5 22. Rfe1 fxg2 23. Re3 Rf3 24. Rxf3 gxf3 25. Ne4 Qxh3 26. Ng3 Rf8 27. Bc1 e4 28. Qxe4 Ne5 29. Bb2 Rf4 30. Qxf4 Ng4 31. Qxg4 Qxg4 32. Bxg7 h5 33. Bf6 Kf7 34. Bd8 Ke8 35. Bf6 cxb4 36. Re1+ Kd7 37. Re7+ Kc8 38. d6 Qg6 39. Ne4 Qf5 40. d7+ Kc7 41. d8Q+ 1-0